000 00460nam a2200181Ia 4500
008 230524s9999 xx 000 0 und d
020 _a9788126531205
082 _bWES
100 _aHarry H.West
_942811
245 0 _aFundamentals of Structural Analysis
250 _a2
260 _aNew Delhi
_bWiley India
_c2011
300 _a"XVII,561p;"
500 _aQuantity Number: 1
650 _aCivil
700 _a Louis F.Geschwindner
_942812
942 _cBK
999 _c57785
_d57785